000 01246nam a2200373 c 4500
001 58629
003 CO-BoRNBP
005 20250827152234.0
007 ta
008 210802r20162018ck a br 000 f spa d
020 _a9789585939387
040 _aCO-BoRNBP
_bspa
_erda
_cCO-BoRNBP
041 1 _aspa
_heng
043 _as-ck---
084 _aN
100 _aFine, Anne,
_d1947-
_eaut
_963245
245 1 0 _aBilly y el vestido rosa /
_cAnne Fine ; ilustraciones de Philippe Dupasquier ; traducción Magdalena Rodenas.
250 _aPrimera edición
_bSegunda reimpresión
264 1 _aBogotá, Colombia :
_bLoqueleo,
_c2018
300 _a110 páginas :
_bilustraciones a color
336 _atexto
_btxt
_2rdacontent
337 _asin mediación
_bn
_2rdamedia
338 _avolumen
_bnc
_2rdacarrier
490 0 _aNarrativa
521 _aRecomendado para un público infantil mayor de 9 años
534 _tBillthorns new frock
650 0 7 _aHistorias de aventuras
_vNovela
_2LEMB
_91711
650 0 4 _aLiteratura infantil inglesa
_2LEMB
650 0 4 _aNovela infantil inglesa
_ySiglo XX
_2LEMB
655 _aNovela
_963194
700 _aDupasquier, Philippe
_eill
_963702
700 _aRodenas, Magdalena
_etrl
_963703
942 _2loc
_cBKLITI
999 _c58629
_d58629